Autonómny modul senzorickej siete na báze LoRa modulov

Gespeichert in:
Bibliographische Detailangaben
1. Verfasser: Polák, Šimon (Verfasst von)
Weitere Verfasser: Ďuďák, Juraj (Betreuung Doktorarbeit)
Format: Manuskript Buch
Sprache:Slowakisch
Veröffentlicht: 2023
Schlagworte:
Online-Zugang:http://is.stuba.sk/zp/portal_zp.pl?podrobnosti=170570
Tags: Tag hinzufügen
Keine Tags, Fügen Sie das erste Tag hinzu!

MARC

LEADER 00000ntm a22000003a 4500
001 stuzp93412
003 SK-STU
005 20230909214946.1
007 ta
008 150427s2015----xo-----f-mn---000-0-slo-d
040 |a STU  |b slo 
041 0 |a slo 
100 1 |a Polák, Šimon  |u 066000  |4 aut  |U MTF Materiálovotechnologická fakulta  |T MTF Ústav aplikovanej informatiky, automatizácie a mechatroniky  |X 98613  |U M6000  |Y 86  |7 98613 
242 0 1 |a Autonomous sensor network module based on LoRa modules  |y eng 
245 1 0 |a Autonómny modul senzorickej siete na báze LoRa modulov 
260 |c 2023 
650 4 |a IoT  |2 slo 
650 4 |a LoRa  |2 slo 
650 4 |a API  |2 slo 
650 4 |a LoRaWAN  |2 slo 
650 4 |a sieť  |2 slo 
650 4 |a bezdrôtová  |2 slo 
650 4 |a komunikácia  |2 slo 
650 4 |a ESP32  |2 slo 
650 4 |a senzory  |2 slo 
650 4 |a IoT  |2 eng 
650 4 |a LoRa  |2 eng 
650 4 |a wireless  |2 eng 
650 4 |a communication  |2 eng 
650 4 |a ESP32  |2 eng 
650 4 |a API  |2 eng 
650 4 |a LoRaWAN  |2 eng 
650 4 |a network  |2 eng 
650 4 |a sensors  |2 eng 
700 1 |a Ďuďák, Juraj  |u 066000  |k Z1  |4 ths  |U MTF Materiálovotechnologická fakulta  |T MTF Ústav aplikovanej informatiky, automatizácie a mechatroniky  |X 53397  |U M6000  |Y 86  |7 A000053397 
856 4 |u http://is.stuba.sk/zp/portal_zp.pl?podrobnosti=170570 
996 |c M* DP-15219  |l MMSKP  |s P  |a 0  |w stuzp93412_0001